00668nam a2200157 a 450000100100000000500170001000800410002704000250006810000370009324500840013026000790021430000270029304900090032095201640032999900170049300003300420200930065951.0110808s1938 dr 000 0 spa d aDO-SdBNPbspacBNPHU1 aAmiama Gómez, Francisco95872210aGeografía poética de la República Dominicana /cFrancisco Amiama Gómez. aCiudad Trujillo, República Dominicana :bTalleres de Cosmopolita,c1938. a32 p. :bil. ;c24 cm. aBNPD 001050718RVaPDbPDcCTd2011-08-08iLF1l0o p33004-10r2020-06-25w2020-06-25y1zPerteneció a la biblioteca personal de Martínez Boog.ZNo se presta c32495d32495